000 01023nam0a22002651 4500
001 rc\4323001
005 20130416132210.9
021 _aRU
_b[59-23340]
035 _a(NLR Aleph) 008513363
090 _a8182907
_c8182907
100 _a20130416d1959 |||y0rusy50 ca
101 0 _arus
102 _aRU
105 _ay z |||||
200 1 _aПрофессиональные дискинезии
_e(Координаторные неврозы)
_eМетод. пособие
_fМ-во здравоохранения РСФСР. Гос. науч.-исслед. ин-т гигиены труда и профзаболеваний (г. Ленинград)
210 _aЛенинград
_cБ. и.
_d1959
215 _a14 с.
_d20
300 _aНа обл. авт. не указан
606 _aПисчий спазм
_2psbo
700 1 _aГрацианская
_bЛ. Н.
_gЛюбовь Николаевна
801 0 _aRU
_bNLR
_gpsbo
801 1 _aRU
_bELAR
_2rusmarc
852 _aNLR
_j59-4/7704
942 _cBOOK
980 _aNB